Southville International School and Colleges
Your cart is empty.
  • Cart
  • Lists
    Public lists Eva Luna New books Lux_list list_1
    Your lists Log in to create your own lists
  • Log in to your account
  • Your cookies
  • Search history
Southville International School and Colleges
  • Advanced search
  • Recent comments
  • Most popular
  • Libraries

Log in to your account

Log in with GOOGLE


If you do not have an external account, but do have a local account, you can still log in:

  1. Home
  2. MARC view: Introduction to information systems :
Normal view MARC view ISBD view

Introduction to information systems : (Record no. 296143)

[ view plain ]
MARC details
000 -LEADER
fixed length control field 00777nam a2200265Ia 4500
008 - FIXED-LENGTH DATA ELEMENTS--GENERAL INFORMATION
fixed length control field 160621s9999 xx 000 0 und d
020 ## - INTERNATIONAL STANDARD BOOK NUMBER
International Standard Book Number 0-256-16221-2
050 ## - LIBRARY OF CONGRESS CALL NUMBER
Classification number ComSc HD 30.213
050 ## - LIBRARY OF CONGRESS CALL NUMBER
Item number .O27 1995
100 ## - MAIN ENTRY--PERSONAL NAME
Personal name O'Brien, James A.
245 ## - TITLE STATEMENT
Title Introduction to information systems :
245 ## - TITLE STATEMENT
Remainder of title an end user/enterprise perspective /
245 ## - TITLE STATEMENT
Statement of responsibility, etc James A. O'Brien.
260 ## - PUBLICATION, DISTRIBUTION, ETC. (IMPRINT)
Place of publication, distribution, etc USA :
260 ## - PUBLICATION, DISTRIBUTION, ETC. (IMPRINT)
Name of publisher, distributor, etc Irwin Pub.,
260 ## - PUBLICATION, DISTRIBUTION, ETC. (IMPRINT)
Date of publication, distribution, etc 1995
300 ## - PHYSICAL DESCRIPTION
Extent 525 pages :
300 ## - PHYSICAL DESCRIPTION
Other physical details illustrations ;
300 ## - PHYSICAL DESCRIPTION
Dimensions 26 cm.
500 ## - GENERAL NOTE
General note Include bibliographical references and index.
650 ## - SUBJECT ADDED ENTRY--TOPICAL TERM
Topical term or geographic name as entry element Business enterprises -- Communication systems.
650 ## - SUBJECT ADDED ENTRY--TOPICAL TERM
Topical term or geographic name as entry element Management information systems.
650 ## - SUBJECT ADDED ENTRY--TOPICAL TERM
General subdivision End-user computing.
650 ## - SUBJECT ADDED ENTRY--TOPICAL TERM
General subdivision Information technology.
Holdings
Withdrawn status Lost status Damaged status Home library Current library Shelving location Date acquired Cost, normal purchase price Total Checkouts Full call number Barcode Date last seen Price effective from Koha item type
      South Mansfield College South Mansfield College   09/12/2006 100.00   ComSc HD 30.213 .O27 1995 SMC03437 06/21/2016 06/21/2016  

Introduction to information systems :

APA

O'Brien J. A., .Introduction to information systems. USA: .

Chicago

O'Brien James A, .Introduction to information systems. USA: .

Harvard

O'Brien J. A., .Introduction to information systems. USA: .

MLA

O'Brien James A, .USA: . .

  • Place hold
  • Print
  • Cite
  • Add to your cart (remove)
  • Save record
    BIBTEX Dublin Core MARCXML MARC (non-Unicode/MARC-8) MARC (Unicode/UTF-8) MARC (Unicode/UTF-8, Standard) MODS (XML) RIS
  • More searches
    Search for this title in:
    Other Libraries (WorldCat) Other Databases (Google Scholar) Online Stores (Bookfinder.com) Open Library (openlibrary.org)

Exporting to Dublin Core...

SOUTHVILLE LIBRARY

Southville International School and Colleges Library

1281 Tropical Ave. Cor. Luxembourg St., BF Homes International, Las Pinas City

Tel. No. 8256374 / 252358 Loc. 117/146

Powered by Koha